Southville International School and Colleges
Your cart is empty.
  • Cart
  • Lists
    Public lists Eva Luna New books Lux_list list_1
    Your lists Log in to create your own lists
  • Log in to your account
  • Your cookies
  • Search history
Southville International School and Colleges
  • Advanced search
  • Recent comments
  • Most popular
  • Libraries

Log in to your account

Log in with GOOGLE


If you do not have an external account, but do have a local account, you can still log in:

  1. Home
  2. MARC view: Señor Cat's romance and other favorite stories from Latin America /
Normal view MARC view ISBD view

Señor Cat's romance and other favorite stories from Latin America / (Record no. 299117)

[ view plain ]
MARC details
000 -LEADER
fixed length control field 00653nam a2200229Ia 4500
008 - FIXED-LENGTH DATA ELEMENTS--GENERAL INFORMATION
fixed length control field 160803s9999 xx 000 0 und d
020 ## - INTERNATIONAL STANDARD BOOK NUMBER
International Standard Book Number 0 439278635
100 ## - MAIN ENTRY--PERSONAL NAME
Personal name Gonzales, Lucia M.
245 ## - TITLE STATEMENT
Title Señor Cat's romance and other favorite stories from Latin America /
245 ## - TITLE STATEMENT
Statement of responsibility, etc retold by Lucía M. González ; illustrated by Lulu Delacre.
260 ## - PUBLICATION, DISTRIBUTION, ETC. (IMPRINT)
Place of publication, distribution, etc New York :
260 ## - PUBLICATION, DISTRIBUTION, ETC. (IMPRINT)
Name of publisher, distributor, etc Scholastic Inc.
260 ## - PUBLICATION, DISTRIBUTION, ETC. (IMPRINT)
Date of publication, distribution, etc 1997
300 ## - PHYSICAL DESCRIPTION
Extent 1 volume (unpaged) :
300 ## - PHYSICAL DESCRIPTION
Other physical details color illustrations ;
300 ## - PHYSICAL DESCRIPTION
Dimensions 26 cm
650 ## - SUBJECT ADDED ENTRY--TOPICAL TERM
Topical term or geographic name as entry element Latin Americans --
650 ## - SUBJECT ADDED ENTRY--TOPICAL TERM
Topical term or geographic name as entry element Tales --
650 ## - SUBJECT ADDED ENTRY--TOPICAL TERM
General subdivision Folklore.
650 ## - SUBJECT ADDED ENTRY--TOPICAL TERM
General subdivision Latin America.
700 ## - ADDED ENTRY--PERSONAL NAME
Personal name 540
Holdings
Withdrawn status Lost status Damaged status Home library Current library Shelving location Date acquired Total Checkouts Barcode Date last seen Price effective from Koha item type
      Stonyhurst Southville International School (Batangas) Stonyhurst Southville International School (Batangas) Lexiled 08/03/2016   SC-1043 08/03/2016 08/03/2016 Books

Señor Cat's romance and other favorite stories from Latin America /

APA

Gonzales L. M., 540, .Señor Cat's romance and other favorite stories from Latin America. New York: .

Chicago

Gonzales Lucia M, 540, .Señor Cat's romance and other favorite stories from Latin America. New York: .

Harvard

Gonzales L. M., 540, .Señor Cat's romance and other favorite stories from Latin America. New York: .

MLA

Gonzales Lucia M, 540, .New York: . .

  • Place hold
  • Print
  • Cite
  • Add to your cart (remove)
  • Save record
    BIBTEX Dublin Core MARCXML MARC (non-Unicode/MARC-8) MARC (Unicode/UTF-8) MARC (Unicode/UTF-8, Standard) MODS (XML) RIS
  • More searches
    Search for this title in:
    Other Libraries (WorldCat) Other Databases (Google Scholar) Online Stores (Bookfinder.com) Open Library (openlibrary.org)

Exporting to Dublin Core...

SOUTHVILLE LIBRARY

Southville International School and Colleges Library

1281 Tropical Ave. Cor. Luxembourg St., BF Homes International, Las Pinas City

Tel. No. 8256374 / 252358 Loc. 117/146

Powered by Koha